Az Ekol Logistics Kft. eszközgazdálkodásának átfogó elemző vizsgálata

Bibliográfiai részletek
Szerző: Farkasinszky Erik
További közreműködők: Katz György
Dokumentumtípus: Diplomadolgozat
Kulcsszavak:Ekol Logistics Kft.
Mérlegelemzés
Logisztika
Tárgyi Eszközök
Piaci érték
Online Access:http://dolgozattar.uni-bge.hu/10116

MARC

LEADER 00000nta a2200000 i 4500
001 dolg10116
005 20170630135236.0
008 170503suuuu hu om 000 hun d
040 |a BGE Dolgozattár Repozitórium  |b hun 
041 |a hu 
100 1 |a Farkasinszky Erik 
245 1 3 |a Az Ekol Logistics Kft. eszközgazdálkodásának átfogó elemző vizsgálata  |c Farkasinszky Erik  |h [elektronikus dokumentum] 
246 1 1 |a Az Ekol Logistics Kft. eszközgazdálkodásának átfogó elemző vizsgálata 
695 |a Ekol Logistics Kft. 
695 |a Mérlegelemzés 
695 |a Logisztika  
695 |a Tárgyi Eszközök 
695 |a Piaci érték 
700 1 |a Katz György  |e ths 
856 4 0 |u http://dolgozattar.uni-bge.hu/10116/1/Szakdolgozat%20Farkasinszky%20Erik.pdf  |z Dokumentum-elérés